BIOLOGICALLY ACTIVE NATURAL PRODUCTS:AGROCHEMICALS (Record no. 14293)

MARC details
000 -LEADER
fixed length control field 00407nam a22001577a 4500
003 - CONTROL NUMBER IDENTIFIER
control field OSt
005 - DATE AND TIME OF LATEST TRANSACTION
control field 20211022093517.0
008 - FIXED-LENGTH DATA ELEMENTS--GENERAL INFORMATION
fixed length control field 211022b |||||||| |||| 00| 0 eng d
020 ## - INTERNATIONAL STANDARD BOOK NUMBER
International Standard Book Number 0-8493-1885-8
040 ## - CATALOGING SOURCE
Transcribing agency HAWASSA UNIVERSITY
050 ## - LIBRARY OF CONGRESS CALL NUMBER
Classification number 631.8/BIO
Item number 5
082 ## - DEWEY DECIMAL CLASSIFICATION NUMBER
Classification number 631.8/BIO
Item number 5
245 ## - TITLE STATEMENT
Title BIOLOGICALLY ACTIVE NATURAL PRODUCTS:AGROCHEMICALS
260 ## - PUBLICATION, DISTRIBUTION, ETC.
Place of publication, distribution, etc. LONDON
Name of publisher, distributor, etc. CRC
Date of publication, distribution, etc. 1999
942 ## - ADDED ENTRY ELEMENTS (KOHA)
Source of classification or shelving scheme Dewey Decimal Classification
Koha item type Books like text book referance book
Suppress in OPAC No
Holdings
Withdrawn status Lost status Source of classification or shelving scheme Damaged status Not for loan Home library Current library Date acquired Total Checkouts Full call number Barcode Date last seen Copy number Price effective from Koha item type
    Dewey Decimal Classification     College of Agriculture Library College of Agriculture Library 10/22/2021   631.8/BIO ALIB0009037 10/22/2021 6 10/22/2021 Books like text book referance book
    Dewey Decimal Classification     College of Agriculture Library College of Agriculture Library 10/22/2021   631.8/BIO ALIB0009036 10/22/2021 5 10/22/2021 Books like text book referance book
    Dewey Decimal Classification     College of Agriculture Library College of Agriculture Library 10/22/2021   631.8/BIO ALIB0012828 10/22/2021 4 10/22/2021 Books like text book referance book
    Dewey Decimal Classification     College of Agriculture Library College of Agriculture Library 10/22/2021   631.8/BIO ALIB0009038 10/22/2021 7 10/22/2021 Books like text book referance book
    Dewey Decimal Classification     College of Agriculture Library College of Agriculture Library 10/22/2021   631.8/BIO ALIB0009039 10/22/2021 9 10/22/2021 Books like text book referance book